Η υδροκίνηση στην προβιομηχανική Ελλάδα

Αποθηκεύτηκε σε:
Λεπτομέρειες βιβλιογραφικής εγγραφής
Κύριος συγγραφέας: Νομικός, Στέφανος
Μορφή: Βιβλίο
Γλώσσα:Greek
Δημοσίευση: Αθήνα : Πολιτιστικό Τεχνολογικό Ίδρυμα ΕΤΒΑ, Γενική Γραμματεία Περιφέρειας Πελοποννήσου, c1997
Θέματα:
Ετικέτες: Προσθήκη ετικέτας
Δεν υπάρχουν, Καταχωρήστε ετικέτα πρώτοι!

MARC

LEADER 00000cam a2200000 i 4500
001 1/15205
008 110928s1997 gre d
020 |a 960-244-047-3 
035 |l 10110883 
040 |a GR-MY-UA  |b gre  |e aacr 
041 0 |a gre 
082 0 |a 621.2109495  |2 (22) 
100 1 |a Νομικός, Στέφανος. 
245 1 2 |a Η υδροκίνηση στην προβιομηχανική Ελλάδα /  |c Στέφανος Νομικός 
260 |a Αθήνα :   |b Πολιτιστικό Τεχνολογικό Ίδρυμα ΕΤΒΑ,   |b Γενική Γραμματεία Περιφέρειας Πελοποννήσου,   |c c1997 
300 |a 35 σ.;  |b έγχρ. εικ.;  |c 22 εκ. 
504 |a Βιβλιογραφία: σ. 35 
650 0 0 |a Water-wheels  |z Greece  |x History. 
650 0 0 |a Water mills  |z Greece  |x History. 
852 |a INST  |b SYROS  |e 20110928  |h 621.2109495 ΝΟΜ  |p 005500009730  |q 005500009730  |t BK  |y 0 
901 |a BIBL5-2011-2 
909 |a Ε  |b 169624 
970 |a ΚΟΝΤΟΥ  |b ΠΑΡΑΣΚΕΥΗ  |z 2011/09/28